[Event "Linares 22nd"]
[Site "Linares"]
[Date "2005.02.27"]
[Round "5"]
[White "Kasparov, Garry"]
[Black "Adams, Michael"]
[Result "1-0"]
[WhiteElo "2804"]
[BlackElo "2741"]
[Annotator "Tyomkin,Dimitri"]
[PlyCount "107"]
[EventDate "2005.02.23"]
[EventType "tourn"]
[EventRounds "14"]
[EventCountry "ESP"]
[EventCategory "20"]
[SourceTitle "CBM 106"]
[Source "ChessBase"]
[SourceDate "2005.06.06"]
[SourceVersion "1"]
[SourceVersionDate "2005.06.06"]
[SourceQuality "1"]

1. d4 Nf6 2. c4 e6 3. Nc3 Bb4 4. Qc2 d5 5. a3 Bxc3+ 6. Qxc3 Ne4 7. Qc2 e5 8. cxd5 {In the first round of this tournament Topalov chose 8.e3 line against Mickey, but white got worse position out of the opening.} (8. e3 exd4 9. cxd5 Qxd5 {1-0 Topalov,V-Adams,M/Linares 2005/CBM 106_01 (41)}) 8... Qxd5 9. f3 Nd6 {Garry played the same opening variation with black against Kramnik, but went 9...f6 here;} (9... Nf6 10. e4 Qxd4 11. Qxc7 Nc6 12. Ne2 Qc5 13. b4 $2 Nxb4 $1 14. Qxc5 Nd3+ 15. Kd2 Nxc5 $19 {0-1 Kramnik,V-Kasparov,G/Moscow 1998/CBM 067 ext (41)}) 10. dxe5 Qxe5 11. e4 Nc6 12. Ne2 {This new move must be an improvement for white in this line. White intends f4 and then can castle to a queenside which actually occured in the game.} (12. Bd3 Be6 13. Ne2 Qa5+ 14. Kf2 O-O-O (14... Ne5 $5) 15. Nf4 Nd4 16. Qc3 Qxc3 17. bxc3 Nb3 18. Nxe6 fxe6 19. Rb1 Nxc1 20. Rhxc1 $14 {½-½ Grigorian,K-Kortschnoj,V/Moscow 1973/URS-ch (37)}) 12... Be6 13. Bf4 Qa5+ 14. Nc3 {In case of 14.c3 white could get a pleasant ending with pair of  advantage and a pawn mass in the centre. But Garry expected for more than that.} (14. Qc3 Qxc3+ 15. bxc3 $5 O-O-O 16. Nd4 $14) 14... O-O-O $146 ({RR} 14... Nd4 15. Qf2 Nb3 16. Rd1 O-O-O 17. Bd3 Nc4 18. O-O Ncd2 19. Nd5 Bxd5 20. Rxd2 Bc4 21. Rc2 Bxd3 22. Rxc7+ Qxc7 23. Bxc7 Kxc7 24. Rd1 Bc4 25. Qg3+ Kc6 26. Rxd8 Rxd8 27. Qxg7 h5 28. Qh6+ Rd6 29. Qxh5 {Krysa,L (2374)-Petenyi,T (2398) Chennai 2011 1-0 (52)}) 15. O-O-O f5 {Black has some advantage in development, and with f5 break Mickey is trying to exploit it.} 16. Bxd6 Rxd6 17. Rxd6 cxd6 18. Bb5 {[%csl Rd6] Backward pawn d6 is a long-term weakness.} Nd4 19. Qd3 Nxb5 20. Nxb5 {and again Garry prefers to stay in the middlegame keeping queens in the game.} fxe4 21. Qxd6 {Both 21.xd6 and 21.fxe4 lead to an extra pawn of white. Garry chose the major pieces endgame, while white's advantage in 21.fxe4 line looks even greater, although it's just a matter of taste.} (21. fxe4 Rd8 22. Nxd6+ Kb8 23. Rd1 Qg5+ 24. Kb1 $1 Qxg2 $140 25. Qb5 Rd7 26. Rc1 $1 $18) 21... Qxb5 22. Qxe6+ Kb8 23. Qxe4 {To win such an ending one must introduce some good endgame technique. The way Garry won it is very instructive.} Re8 24. Qf4+ (24. Qxh7 Qg5+ 25. Kb1 Qxg2) 24... Ka8 25. Kb1 g5 26. Qf7 h6 27. h4 {The pawn trade on a kingside is to white's favor- white needs to get a passed pawn there anyhow.} a6 28. hxg5 hxg5 29. Qf6 Qd3+ 30. Ka1 Qd2 31. Qf7 (31. g4 {would lead to a game line.}) 31... Re5 (31... Re2 $2 32. Qf8+ {and white mates black first;}) 32. Qc7 Re8 33. Qf7 {Garry repeats moves to pass move 40 time control sooner.} Re5 34. Qf6 Re8 35. g4 Ka7 36. Qf5 {First step of the following plan.} Ka8 37. Kb1 $1 {That's the only way to activate white rook- c1 is coming next.} Rd8 38. Rc1 Rd5 39. Qe4 Ka7 40. Rc3 Qd1+ 41. Ka2 Qd2 42. Rc2 Qd3 {The queen's trade will be offered many times in this game, but, despite of that, queens will remain on a board till the end!} 43. Re2 {Surprisingly, the pawn ending with an extra pawn after 43.x x 44.c3 x is a draw!} (43. Qxd3 Rxd3 44. Rc3 Rxc3 45. bxc3 Kb6 46. Kb3 Kc5 47. Kc2 b5 (47... Kc4 48. a4 b6 49. Kd2 Kb3 50. f4 $18) 48. Kd3 Kd5 {and I don't see a way for white to win this pawn ending....}) 43... Rd4 44. Qe3 a5 $6 {This move weakens black king and makes white's task easier.} (44... Qxe3 45. Rxe3 Rf4 46. Kb3 {[%cal Gb3c3,Gc3d3,Gd3e2,Ye3e4,Ye3e5] and white must win this rook ending without any troubles.}) (44... Qc4+ {was more resistant.}) 45. Re1 Ka6 $6 {One more inaccuracy by Mickey . The better choice for black was to go to the rook' ending, while white is winning there as mentioned above (see 44...x line).} 46. Qxg5 Qxf3 47. Qg6+ Ka7 $4 {Decisive mistake.White must still work for a while in a rook ending which arises after 47...b6 28.g8 d5+;} (47... b6 48. Qg8 $1 Qd5+ (48... Rxg4 49. Qc8+ Kb5 50. Re5+ {and mate in few;}) 49. Qxd5 Rxd5 50. Rg1 Rg5 51. b4 (51. a4 $5 b5 52. Kb3 $18) (51. Kb3 Kb5 52. Kc3 Kc5 53. Kd3 Kd5 54. Ke3 Ke5 55. a4 (55. Kf3 Kf6 56. Rc1 Rb5) 55... Kf6 56. Kf4 Rc5 {with chances to escape.}) 51... axb4 52. axb4 Kb5 53. Kb3 Kc6 54. Kc4 Kd6 55. Rd1+ Ke6 56. Rd4 b5+ {the most resistant. Otherwise white plays e4+ and then, if d6 white transfers the king to a kingside, and if f6, then white wins the game on a queenside, trading g4-pawn for b6 of black.}) 48. Re5 Ra4 {Forced. If black grabs a pawn, he'll be mated in few, while 48...d5 leads to a winning pawn ending, or to a rook ending with two extra pawns of white.} (48... Rd5 49. Qf5 $1 Qxf5 50. Rxf5 $18) 49. Qh5 b6 (49... Qc6 50. Qf5 $1 $18 {[%cal Gg4g5]}) 50. Qe8 Rc4 {Black manages to avoid a mate, but now white passer decides the game.} 51. g5 Rc7 52. Qe6 {52.g6 is even faster.} (52. g6 $18 {[%cal Ge8g8,Ge8e6]} Kb7 53. Qg8 {then d5+ winning the rook ending easily.}) 52... a4 $6 {And again Mickey misses the stroger move.} (52... Qd3 $142 53. Re3 Qd1 54. Rb3 Qd4 55. g6 {and so on.}) 53. Re4 Qd1 (53... b5 54. g6 Qf2 55. Qd5 {and the rest is simple.`}) 54. Rb4 {White is threatening xb6. Black's only defence is 54...b7, then white has 55.c6 grabbing a-pawn. One more masterpiece of the Greatest player of chess.} 1-0

[Event "EU-Cup 20th"]
[Site "Izmir"]
[Date "2004.10.07"]
[Round "5.1"]
[White "Kasparov, Garry"]
[Black "Adams, Michael"]
[Result "1/2-1/2"]
[WhiteElo "2813"]
[BlackElo "2740"]
[Annotator "Golod,Vitali"]
[PlyCount "59"]
[EventDate "2004.10.03"]
[EventType "team-swiss"]
[EventRounds "7"]
[EventCountry "TUR"]
[SourceTitle "CBM 104"]
[Source "ChessBase"]
[SourceDate "2005.01.27"]
[SourceVersion "1"]
[SourceVersionDate "2005.01.27"]
[SourceQuality "1"]
[WhiteTeam "Ekaterinburg Max Ven"]
[BlackTeam "Paris NAO"]
[WhiteTeamCountry "RUS"]
[BlackTeamCountry "FRA"]

1. d4 Nf6 2. c4 e6 3. Nc3 Bb4 4. Qc2 d5 5. a3 Bxc3+ 6. Qxc3 Ne4 7. Qc2 Nc6 ({Nowadays,more popular is:} 7... c5 $5 {You can see my annotations to Popov,V-Romanov,E/St.Petersburg,2004/CBM 102(0-1)(19)}) ({Is very rare continuation:} 7... e5 $5 {For further information,you can see my comments to Kramnik,V-Adams,M/Las Vegas,1999/CBM 72(½-½)(28)}) 8. e3 e5 9. cxd5 Qxd5 10. Bc4 Qa5+ 11. b4 Nxb4 12. Qxe4 Nc2+ 13. Ke2 Qe1+ 14. Kf3 Nxa1 15. Bb2 O-O 16. Kg3 h6 (16... Kh8 $2 {You can find in my opening database: Nimzo Indian 4...d5 5.a3 xc3+ 6.xc3 (E36-E37) and also you can see comments to:} 17. dxe5 $3 {Atalik,S-Sax,G/Szeged,1997/CBM 62(1-0)(Kortschnoj,V)(26) [and opening reports: CBM 62 - 17.de5!! +-]} (17. Nf3 $143 {Hillarp Persson,T-Timman,J/Koge,1997/EXT 2000(0-1)(Hansen,LB)(34)})) 17. h4 ({After inaccurate move:} 17. h3 $2 {White will have to fight for escape:} Qd2 $1 18. Qb1 (18. Bxa1 Qc1 {[%csl Ra1,Rc4]} 19. Bd3 g6 {[%csl Ra1,Rd3,Re4][%cal Gc8f5]} 20. Qh4 Qxa3 $1 $17) 18... Qc2 19. Qxc2 Nxc2 20. dxe5 Bf5 $17 {Gerusel,M-Johannsson,I/Halle,1967(0-1)(41)}) 17... Re8 (17... Qd2 $5 18. Nf3 (18. Qb1 $2 Qc2 19. Qxc2 Nxc2 20. Bd3 Nxd4 $1 21. exd4 exd4 $17 {c5} 22. Bxd4 $140 $2 Rd8 23. Nf3 c5 $19) (18. Bxa1 $2 Qc1 19. Bd3 g6 {f5; ץa1 }) 18... Qxb2 19. Ng5 Qc2 $1 {Sapundzhiev,G} (19... Re8 $2 20. Bxf7+ Kf8 21. Bxe8 $40 {Baay,J-Stumpers,L/Nijmegen,1948(1-0)(40)}) (19... hxg5 $5 {Sapundzhiev,G} 20. hxg5 Re8 21. Qh7+ Kf8 22. Qh8+ Ke7 23. Qxg7 Be6 24. Bxe6 (24. d5 $2 Kd6 25. dxe6 fxe6 26. Rd1+ Kc6 27. Bxe6 $140 Kb6 $19) 24... Kxe6 25. Rh6+ Kd5 $1 26. Qxf7+ Ke4 27. Qh7+ Kd5 $11) 20. Bd3 Bf5 $1 21. Qxf5 g6 $1 22. Qe4 (22. Bxc2 $2 gxf5 23. Rxa1 hxg5 24. dxe5 gxh4+ 25. Kxh4 Rfd8 $17) 22... Qc6 (22... Qb3 $2 23. h5 f5 24. Qxe5 f4+ 25. Kh2 hxg5 26. h6 Rf7 $8 27. Bxg6 Nc2 28. h7+ Rxh7+ 29. Bxh7+ $18) (22... Qc3 $6 23. h5 $1 $40) 23. Qxc6 bxc6 {½-½ Sapundzhiev,G-Gysi,A/corr,1999/Inf 79/502(Sapundzhiev,G)(23)} (23... bxc6 24. Nf3 Nb3 25. Nxe5 c5 26. Rb1 Nd2 27. Rb7 $11)) (17... Kh8 $6 18. Kh2 $1 Qxf2 (18... Qd2 $142) 19. Bxa1 Bf5 20. Nh3 $1 Bxh3 21. Kxh3 $14 {Toth-Varnusz,E/Magyarorszag,1969,Inf 7/522(Florian,T)(36)}) 18. Kh2 Qxf2 19. Bxa1 Bf5 20. Qxb7 ({Was checked in the preceding game:} 20. Nh3 $2 Bxe4 $6 (20... Bxh3 $142 21. Rf1 (21. Kxh3 exd4 22. Qg4 Qxe3+ 23. g3 Rad8 $17) 21... Bxg2 22. Rxf2 (22. Qxg2 Qxh4+ 23. Kg1 Re7 $17) 22... Bxe4 23. Bxf7+ Kh7 24. Bxe8 Rxe8 $17) 21. Nxf2 exd4 22. Bxd4 Rad8 $11 {Fodor,I-Vargyas,Z/Budapest,2003(½-½)(30)}) 20... exd4 ({Leads to benefit of the contender:} 20... Qxh4+ $6 21. Nh3 $140 Bxh3 22. gxh3 Qf2+ 23. Qg2 Qxg2+ (23... Qxe3 24. Rg1 g5 25. Qc6 $1 $40) 24. Kxg2 exd4 25. Bxd4 $14) 21. Nf3 Be4 {'!' Now Black has a equal chances in the subsequent tactical complications.The further events in a game develop by the almost forced way.} (21... Qxe3 $6 22. Qxc7 {[%csl Rd4,Rf7][%cal Ga1d4]} Re7 23. Qd6 Rd7 24. Qe5 $1 $14) 22. Qxc7 Bxf3 23. Qxf7+ (23. Bxf7+ $4 {is refuted by:} Kf8 $1 $19 {[%csl Rf7,Rg2]}) 23... Kh8 24. Qxf3 Qxh4+ {'=' '!' Black fairly do not want to exchange a queens:} (24... Qxf3 25. gxf3 Rac8 (25... dxe3 $143 26. Re1 Rad8 (26... Rac8 $143 27. Bd3 {[%csl Re3][%cal Gd3e4]}) 27. Kg3 $14) 26. Bb5 Rxe3 27. Bxd4 Rxf3 28. Ra1 {/=}) 25. Kg1 (25. Qh3 $6 Qxh3+ 26. gxh3 Rac8 27. Bd3 dxe3 $15) 25... Qe1+ 26. Bf1 (26. Qf1 $2 Qxe3+) (26. Kh2 $143 {Hardly it is necessary to give the contender an additional opportunity:} Qxe3 $5 (26... Qh4+ $11) 27. Rd1 Rac8 $13) 26... Qxa1 27. Rxh6+ gxh6 {''} (27... Kg8 $4 28. Qd5+ Kf8 29. Rh3 $1 {[%csl Rf8][%cal Gh3f3]} Ke7 (29... dxe3 30. Rf3+ Qf6 31. Bc4 $1 {with checkmated in 4 moves.}) 30. Rf3 Rf8 31. Qe5+ Kd7 32. Qxg7+ $18) 28. Qf6+ {This game it was very important for theory of this variation. with perpetual check:} Kg8 $146 29. Qg6+ Kf8 30. Qf6+ 1/2-1/2